000 00587nam a22002177a 4500
003 UA-OsUOA
001 126336
007 ta
008 20171017b un ||||| |||| 00| 0 ukr d
100 _aСупрун-Яремко Н.
090 _a94(477)
_bС89
942 _cSA
040 _aUA-OsUOA
_bukr
_cUA-OsUOA
_dUA-OsUOA
245 _aКубанська трагедія українського народу
300 _aС.192-203
955 _a0
041 _aukr
080 _a94(477)
773 0 _w126332
650 7 _a9 Географія. Біографії. Історія
_2UDC
999 _c414725
_d414725